|
|
|
|
| LEADER |
00983cam a2200277 7i4500 |
| 001 |
0000036927 |
| 005 |
20220817090000.0 |
| 007 |
ta |
| 008 |
220817t2022 eng |
| 020 |
|
|
|a 9781472993250
|
| 040 |
|
|
|a MATR
|
| 090 |
0 |
0 |
|a B 658.452
|b GIV
|
| 245 |
1 |
0 |
|a Give Great Presentations :
|b How to speak confidently and make your point.
|
| 264 |
|
0 |
|a London:
|b Bloomsbury Business,
|c 2022.
|
| 300 |
|
|
|a 958 pages:
|b illustrations;
|c 18 cm.
|
| 336 |
|
|
|a text
|2 rdacontent
|
| 337 |
|
|
|a unmediated
|2 rdamedia
|
| 338 |
|
|
|a volume
|2 rdacarrier
|
| 504 |
|
|
|a Includes bibliographical references and index
|
| 650 |
1 |
0 |
|a Business presentations
|
| 650 |
1 |
0 |
|a Public speaking
|
| 650 |
1 |
0 |
|a Business communication & presentation
|
| 650 |
|
0 |
|a Business & Economics --
|x Careers --
|x General
|
| 650 |
|
0 |
|a Language Arts & Disciplines --
|x Public Speaking
|
| 650 |
|
0 |
|a Business & Economics --
|x Personal Succes
|
| 999 |
|
|
|a B000041892
|b Book
|c Book
|e Business Information Centre
|